Spotrebiteľské správanie a marketingové rozhodovanie

Uložené v:
Podrobná bibliografia
Hlavný autor: Lieskovská, Vanda, 1961-
Médium: Kapitola
Jazyk:Slovak
Tagy: Pridať tag
Žiadne tagy, Buďte prvý, kto otaguje tento záznam!

MARC

LEADER 00000naa$a2200000$$$4500
001 0094761
005 20240502072044.1
041 0 |a slo 
044 |a SK 
245 1 0 |a Spotrebiteľské správanie a marketingové rozhodovanie  |c Vanda Lieskovská 
100 1 |a Lieskovská, Vanda, 1961-